MARC

LEADER 00000nam0a2200000 4500
001 301806
005 20231102001434.0
035 |a (RuTPU)RU\TPU\book\326983 
090 |a 301806 
100 |a 20150813d1982 k y0rusy5003 ca 
101 0 |a rus 
102 |a RU 
105 |a y z 001zy 
200 1 |a История философской мысли в Московском университете  |f Московский государственный университет им. М. В. Ломоносова (МГУ) ; под ред. И. Я. Щипанова 
210 |a Москва  |c Изд-во МГУ  |d 1982 
215 |a 264 с. 
320 |a Библиогр. в тексте 
601 0 2 |a Московский государственный университет им. М. В. Ломоносова (МГУ)  |2 stltpush  |3 (RuTPU)RU\TPU\col\7 
606 1 |a Философия в СССР  |x История  |2 stltpush  |3 (RuTPU)RU\TPU\subj\63886  |9 80818 
606 1 |a Университеты  |2 stltpush  |3 (RuTPU)RU\TPU\subj\63052  |9 80100 
610 1 |a марксистско-ленинская философия 
610 1 |a научный коммунизм 
610 1 |a философские школы 
610 1 |a философские основы 
610 1 |a философские взгляды 
610 1 |a философы 
610 1 |a 19 век 
610 1 |a 20 век 
610 1 |a общественно-политическая мысль 
686 |a Ю3(2)6  |v LBC/SL-A  |2 rubbk 
686 |a Ч484(2)71  |v LBC/SL-A  |2 rubbk 
702 1 |a Щипанов  |b И. Я.  |4 340 
712 0 2 |a Московский государственный университет им. М. В. Ломоносова (МГУ)  |2 stltpush  |3 (RuTPU)RU\TPU\col\7 
801 0 |a RU  |b RuMRKP  |c 19950704  |g psbo 
801 1 |a RU  |b 63413507  |c 20150813 
801 2 |a RU  |b 63413507  |c 20170808  |g RCR 
942 |c BK